| 000 | 00682nas a2200229 4500 | ||
|---|---|---|---|
| 001 | BR7000292 | ||
| 003 | BR-BrBNA | ||
| 005 | 20231205082312.0 | ||
| 007 | ta | ||
| 008 | 230509b bl.|||p| |||| 00| 00por d | ||
| 040 |
_aBR-BrBNA _bpor _cBiblioteca Nacional de Agricultura |
||
| 041 | _a(Pt) | ||
| 072 | _aE15 | ||
| 100 | 1 | _aSoares, A.L.A. | |
| 245 | 1 | _aArrendamento; um dos problemas da orizicultura [Rio Grande do Sul, Brasil] | |
| 650 | _aARROZ | ||
| 650 | _aARRENDAMENTO | ||
| 650 | _aRIO GRANDE DO SUL | ||
| 773 | 0 |
_tLavoura Arrozeira (Brazil) _xISSN 0023-9143 _g(Jul 1970), v. 23(256) p. 24 _wBR7000292 |
|
| 909 |
_a202311 _bLúcia _c55 _dLúcia Elande |
||
| 942 |
_2AGRIS _n0 _cANA |
||
| 999 |
_c90728 _d90728 |
||